Statistics for Guess the KPOP song

Click here to take the quiz!

General Stats

  • This quiz has been taken 149 times
  • The average score is 4 of 12

Answer Stats

HintAnswer% Correct
Wonhae manhi manhi manhiBlood Sweat and Tears
81%
when i wake up in my roomFire
57%
wi araeUP & DOWN
53%
I wanna be a good man just for youFake Love
47%
cruisin like nemogogo
28%
welcome to my world lets do thisHard carry
25%
oh i'm curious yeahsherlock
24%
wide awake no lieAwake
20%
i think i like itKO KO Bop
12%
you always come my wayLie
3%
heartbeat, for my heartbeatbreaking news
1%
you're the only oneJust Right
1%

Score Distribution

Percentile by Number Answered

Percent of People with Each Score

Your Score History

You have not taken this quiz